[Event "ICS rated blitz match"]
[Site "204.178.125.65"]
[Date "1999.08.09"]
[Round "?"]
[White "Secret"]
[Black "Hossa"]
[Result "1-0"]
[WhiteElo "2518"]
[BlackElo "2409"]
[PlyCount "93"]
[EventDate "1999.??.??"]

1. Nf3 c5 2. b3 d5 3. e3 Bg4 4. h3 Bh5 5. Bb5+ Nc6 6. g4 Bg6 7. Ne5 Rc8 8. Bb2
e6 9. Bxc6+ bxc6 10. h4 f6 11. Nxg6 hxg6 12. Qe2 e5 13. c4 Ne7 14. Nc3 g5 15.
h5 Rb8 16. Na4 Nc8 17. f4 gxf4 18. exf4 e4 19. d3 Qa5+ 20. Bc3 Qc7 21. dxe4 d4
22. Bd2 Bd6 23. e5 fxe5 24. fxe5 Be7 25. O-O-O Nb6 26. Nb2 Nd7 27. e6 Nf8 28.
Rhf1 a6 29. Nd3 Rb7 30. Kb1 Qc8 31. Rf5 Bd6 32. Re1 Bg3 33. Ref1 Nxe6 34. Bg5
g6 35. hxg6 Rg7 36. Rf6 Re7 37. g7 Kd7 38. Rxe6 Rxe6 39. Rf7+ Kd6 40. Be7+ Kc7
41. Bxc5+ Kb8 42. Qxe6 Rh1+ 43. Nc1 Rxc1+ 44. Kxc1 Bf4+ 45. Kb2 Qxe6 46. g8=Q+
Qe8 47. Qxe8# {Hossa checkmated} 1-0

[Event "ICS rated blitz match"]
[Site "204.178.125.65"]
[Date "1999.08.09"]
[Round "?"]
[White "Hossa"]
[Black "Secret"]
[Result "0-1"]
[WhiteElo "2398"]
[BlackElo "2529"]
[PlyCount "99"]
[EventDate "1999.??.??"]

1. d4 Nf6 2. c4 g6 3. Nc3 d5 4. e3 Bg7 5. Nf3 O-O 6. cxd5 Nxd5 7. e4 Nxc3 8.
bxc3 c5 9. Be3 Bg4 10. Be2 Nc6 11. Rb1 Bxf3 12. Bxf3 cxd4 13. cxd4 Bxd4 14.
Bxd4 Nxd4 15. Rxb7 Qa5+ 16. Qd2 Nc2+ 17. Kd1 Qa4 18. Qxc2 Rfd8+ 19. Kc1 Rdc8
20. Rb2 Rxc2+ 21. Rxc2 Qa3+ 22. Kb1 Rb8+ 23. Ka1 Qb4 24. Rd1 Qb5 25. Rdc1 Qe5+
26. Rc3 Kg7 27. h3 Rc8 28. Kb2 Qd4 29. R1c2 e5 30. g4 g5 31. a3 a5 32. Bg2 Rc6
33. Bf3 Rc7 34. Bh1 Kf8 35. Bg2 Ke7 36. Bf3 Rc8 37. Bg2 Rc6 38. Kb3 Qb6+ 39.
Ka4 Rd6 40. Rc7+ Kf6 41. R7c4 Qb7 42. R4c3 Rb6 43. Rc6+ Rxc6 44. Rxc6+ Qxc6+
45. Kxa5 Qc5+ 46. Ka6 Qxf2 47. Bh1 Qf1+ 48. Kb6 Qxh1 49. Kb5 Qxh3 50. Kb4 {
Hossa resigns} 0-1

[Event "ICS Rated blitz match"]
[Site "204.178.125.65"]
[Date "1999.08.09"]
[Round "?"]
[White "Hossa"]
[Black "MissSilicon"]
[Result "0-1"]
[WhiteElo "2388"]
[BlackElo "2624"]
[PlyCount "139"]
[EventDate "1999.??.??"]

1. d4 Nf6 2. c4 e5 3. dxe5 Ng4 4. Qd4 h5 5. Qd5 c6 6. Qe4 Qa5+ 7. Bd2 Qb6 8. e3
Qxb2 9. Qd4 Qb6 10. Be2 Bc5 11. Qc3 Na6 12. Bxg4 hxg4 13. Ne2 O-O 14. O-O Re8
15. e4 d6 16. exd6 Bxd6 17. Qc2 Qc5 18. Nbc3 Qxc4 19. Be3 Nb4 20. Qd2 Rd8 21.
Qc1 Be6 22. Bg5 f6 23. Be3 Be5 24. a4 Rd7 25. Ra3 Nd3 26. Qa1 Bd6 27. Ra2 Nc5
28. Bxc5 Qxc5 29. Rc2 Rad8 30. Rcc1 Be5 31. Qb1 Bc4 32. Rfd1 Bxh2+ 33. Kxh2
Qxf2 34. Rxd7 Rxd7 35. Rd1 Qh4+ 36. Kg1 g3 37. Nxg3 Rxd1+ 38. Qxd1 Qxg3 39. Qf3
Qd6 40. Qh3 Kf7 41. Qh5+ Ke7 42. Qa5 Qd4+ 43. Kh1 b6 44. Qb4+ Ke6 45. Qa3 Bd3
46. Qa2+ Ke5 47. Qa3 Qf2 48. Qe7+ Kd4 49. Qb4+ Bc4 50. Nb1 Qf1+ 51. Kh2 Qf4+
52. g3 Qf2+ 53. Kh3 Qf1+ 54. Kh2 Qe2+ 55. Kh3 Ke3 56. Qc3+ Kf2 57. Qd4+ Qe3 58.
Qd2+ Qxd2 59. Nxd2 Be6+ 60. Kh4 Ke2 61. Nb1 Kd3 62. Na3 Kc3 63. g4 Kb2 64. Nb5
cxb5 65. axb5 Bf7 66. Kg3 g5 67. Kf3 Kc3 68. Ke2 Kd4 69. Kd2 Be6 70. e5 {
Hossa resigns} 0-1

[Event "ICS rated blitz match"]
[Site "204.178.125.65"]
[Date "1999.08.09"]
[Round "?"]
[White "Secret"]
[Black "Hossa"]
[Result "1-0"]
[WhiteElo "2539"]
[BlackElo "2381"]
[PlyCount "129"]
[EventDate "1999.??.??"]

1. Nf3 c5 2. b3 d5 3. e3 Bg4 4. Bb5+ Nc6 5. Bxc6+ bxc6 6. Bb2 Nh6 7. c4 Nf5 8.
h3 Bxf3 9. Qxf3 e6 10. Nc3 Be7 11. cxd5 cxd5 12. Nxd5 Qxd5 13. e4 Nh4 14. exd5
Nxf3+ 15. gxf3 exd5 16. Bxg7 Rg8 17. Be5 Kd7 18. Rc1 Ke6 19. Bg3 Rae8 20. Ke2
Kd7 21. Kd3 Rg6 22. Rhe1 Rh6 23. Re5 f6 24. Rxd5+ Ke6 25. Kc4 Kf7 26. h4 Rg8
27. Rd7 f5 28. Rxa7 Re6 29. Rd1 Rc8 30. h5 Rd8 31. d4 cxd4 32. Rxd4 Rc6+ 33.
Kd3 Rxd4+ 34. Kxd4 Ke6 35. Rb7 Rc2 36. Rb6+ Kd7 37. a4 Bc5+ 38. Kd3 Rb2 39. Kc3
Bxb6 40. Kxb2 Ba5 41. Kc2 Ke6 42. Kd3 Kd5 43. Bf4 Be1 44. Ke2 Bb4 45. Bd2 Bc5
46. a5 Kc6 47. Be3 Bb4 48. a6 Bd6 49. Kd3 f4 50. Bd4 Bb4 51. Kc4 Bd2 52. b4 Kc7
53. b5 Ba5 54. Be5+ Kb6 55. Bxf4 Ka7 56. Be3+ Ka8 57. Kc5 Ka7 58. Kc6+ Ka8 59.
b6 Bxb6 60. Bxb6 Kb8 61. f4 h6 62. f5 Ka8 63. f6 Kb8 64. f7 Kc8 65. f8=Q# {
Hossa checkmated} 1-0

[Event "ICS rated blitz match"]
[Site "204.178.125.65"]
[Date "1999.08.09"]
[Round "?"]
[White "Hossa"]
[Black "StanleyCup"]
[Result "0-1"]
[WhiteElo "2372"]
[BlackElo "2588"]
[PlyCount "55"]
[EventDate "1999.??.??"]

1. d4 d5 2. c4 dxc4 3. e4 e5 4. Nf3 exd4 5. Bxc4 Bb4+ 6. Nbd2 Nc6 7. O-O Nf6 8.
e5 Nd5 9. Nb3 Nb6 10. Bg5 Be7 11. Bxe7 Qxe7 12. Bb5 Bd7 13. Bxc6 Bxc6 14. Nfxd4
Bd5 15. Qg4 g6 16. f4 c5 17. Nb5 O-O 18. Rfd1 f6 19. Qg3 fxe5 20. fxe5 Rf5 21.
Rd2 Rxe5 22. Nc3 Bxb3 23. Rf1 Bc4 24. Rfd1 Rf8 25. h3 Kg7 26. Rd8 Re3 27. Qd6
Qxd6 28. R8xd6 {Hossa resigns} 0-1

[Event "ICS rated blitz match"]
[Site "204.178.125.65"]
[Date "1999.08.09"]
[Round "?"]
[White "gooner"]
[Black "Hossa"]
[Result "1-0"]
[WhiteElo "2119"]
[BlackElo "2365"]
[PlyCount "87"]
[EventDate "1999.??.??"]

1. d4 d5 2. c4 c6 3. Nf3 Nf6 4. Nc3 e6 5. e3 Bb4 6. Bd2 O-O 7. a3 Bxc3 8. Bxc3
b6 9. cxd5 cxd5 10. Bb4 Re8 11. Bb5 Bd7 12. Bd3 Nc6 13. Bd6 Ne4 14. Bf4 f6 15.
Rc1 Qe7 16. O-O Qf7 17. Bb5 Nb8 18. Rc7 Rc8 19. Rxc8+ Bxc8 20. Qa4 Bd7 21. Rc1
Qe8 22. Bxd7 Qxd7 23. b3 b5 24. Qa5 Qe8 25. Rc7 g5 26. Bg3 g4 27. Ne1 Nxg3 28.
hxg3 a6 29. Qb6 Nd7 30. Qb7 Nf8 31. Nd3 f5 32. Rg7+ Kh8 33. Qc7 e5 34. Re7 Qb8
35. Qc6 Nd7 36. Qxd7 Qf8 37. Rxh7+ Kg8 38. Rh5 Ra7 39. Qxa7 Qg7 40. Qb8+ Kf7
41. Nxe5+ Qxe5 42. Qxe5 a5 43. Rh7+ Kg6 44. Qg7# {Hossa checkmated} 1-0

[Event "ICS rated blitz match"]
[Site "204.178.125.65"]
[Date "1999.08.09"]
[Round "?"]
[White "StanleyCup"]
[Black "Hossa"]
[Result "1-0"]
[WhiteElo "2595"]
[BlackElo "2339"]
[PlyCount "87"]
[EventDate "1999.??.??"]

1. d4 Nf6 2. c4 e5 3. dxe5 Ng4 4. e4 Nxe5 5. f4 Nec6 6. Be3 Bb4+ 7. Nd2 Qh4+ 8.
g3 Qd8 9. Qh5 g6 10. Qd5 Ne7 11. Qd3 f5 12. exf5 Nxf5 13. Bf2 O-O 14. O-O-O Nc6
15. Bg2 Re8 16. Bd5+ Kh8 17. Ngf3 Re7 18. g4 Nh6 19. Rhg1 d6 20. Bh4 Qf8 21.
Bxc6 bxc6 22. Bxe7 Qxe7 23. f5 Qg7 24. Ne4 Bd7 25. f6 Qf7 26. h3 Re8 27. Kb1 a6
28. Nfg5 Qg8 29. a3 Ba5 30. c5 d5 31. f7 Nxf7 32. Nf6 Ne5 33. Qxa6 Qf8 34. Nxd7
Nxd7 35. Qxa5 Qf4 36. Rde1 Ne5 37. h4 h6 38. Rgf1 Qc4 39. Nf7+ Nxf7 40. Rxe8+
Kg7 41. Qe1 Qd3+ 42. Ka2 Qc4+ 43. b3 Qc2+ 44. Ka1 {Hossa resigns} 1-0

[Event "ICS rated blitz match"]
[Site "204.178.125.65"]
[Date "1999.08.09"]
[Round "?"]
[White "Hossa"]
[Black "Secret"]
[Result "0-1"]
[WhiteElo "2333"]
[BlackElo "2548"]
[PlyCount "80"]
[EventDate "1999.??.??"]

1. d4 Nf6 2. c4 e6 3. Nc3 Bb4 4. Bg5 c5 5. d5 d6 6. e4 Bxc3+ 7. bxc3 h6 8. Bxf6
Qxf6 9. Qd2 Nd7 10. Bd3 Ne5 11. Ne2 b6 12. O-O Ba6 13. Qd1 O-O 14. f4 Nxd3 15.
Qxd3 exd5 16. exd5 Rae8 17. Rf3 Re7 18. Ng3 Rfe8 19. Raf1 Re1 20. Rxe1 Rxe1+
21. Kf2 Ra1 22. Qe2 Qh4 23. h3 Kf8 24. Qb2 Rh1 25. Qb3 g5 26. Qa4 gxf4 27. Qxa6
fxg3+ 28. Rxg3 Qf4+ 29. Rf3 Qd2+ 30. Kg3 Qe1+ 31. Rf2 Qxc3+ 32. Kg4 Qd4+ 33.
Kg3 Qe3+ 34. Rf3 Qg5+ 35. Kf2 Qh4+ 36. Rg3 Qd4+ 37. Re3 Qd2+ 38. Kg3 Qxe3+ 39.
Kg4 f5+ 40. Kh4 40... Qg5# {Hossa checkmated} 0-1

[Event "ICS rated blitz match"]
[Site "204.178.125.65"]
[Date "1999.08.09"]
[Round "?"]
[White "StanleyCup"]
[Black "Hossa"]
[Result "1-0"]
[WhiteElo "2613"]
[BlackElo "2326"]
[PlyCount "135"]
[EventDate "1999.??.??"]

1. e4 e5 2. Nf3 Nc6 3. Bb5 a6 4. Ba4 Nge7 5. c3 f5 6. d3 fxe4 7. dxe4 Ng6 8.
O-O Be7 9. Qd5 Bf6 10. Na3 Nge7 11. Qd3 O-O 12. Bb3+ Kh8 13. Ng5 Qe8 14. Bd2
Qg6 15. Qf3 h6 16. Nh3 d6 17. Rae1 Bd7 18. Qd3 Bh4 19. Re2 Bg4 20. Re3 Rf6 21.
Bd1 Bxd1 22. Rxd1 Qf7 23. g3 Qg6 24. Kh1 Qg4 25. Qf1 Bg5 26. Nxg5 Qxg5 27. Rf3
Qg6 28. Rxf6 Qxf6 29. Qe2 Qe6 30. Ra1 Rf8 31. Kg1 Qh3 32. Nc4 Ng6 33. Rd1 Nd8
34. Be3 b5 35. Na5 Ne6 36. c4 Ne7 37. cxb5 axb5 38. Qxb5 Rf3 39. Qe8+ Ng8 40.
Nc4 Rf8 41. Qc6 Qg4 42. Ra1 Ne7 43. Qd7 Ng8 44. Nd2 Nf6 45. Qc6 Kg8 46. a4 Qh3
47. f3 Kh8 48. a5 Ng8 49. a6 Ne7 50. Qb7 Nd8 51. Qxc7 Ndc6 52. a7 Ra8 53. Ra6
Nb4 54. Rxd6 Nbc6 55. Rxc6 Nxc6 56. Qxc6 Qc8 57. Qxc8+ Rxc8 58. b4 g5 59. b5 h5
60. b6 Rc1+ 61. Kg2 Rc8 62. b7 Rf8 63. b8=Q Rxb8 64. axb8=Q+ Kh7 65. Qxe5 g4
66. Bd4 gxf3+ 67. Kxf3 Kg8 68. Qg7# {Hossa checkmated} 1-0

[Event "ICS rated blitz match"]
[Site "204.178.125.65"]
[Date "1999.08.09"]
[Round "?"]
[White "libertad"]
[Black "Hossa"]
[Result "0-1"]
[WhiteElo "2308"]
[BlackElo "2337"]
[PlyCount "50"]
[EventDate "1999.??.??"]

1. e4 e5 2. Nf3 Nc6 3. d4 exd4 4. Nxd4 Qh4 5. Nxc6 Qxe4+ 6. Be2 dxc6 7. O-O Bd6
8. Re1 Qh4 9. g3 Qd8 10. Nc3 Ne7 11. Bg5 O-O 12. Ne4 f6 13. Nxd6 cxd6 14. Bf4
d5 15. c4 Bh3 16. cxd5 Nxd5 17. Bc4 Qd7 18. Qd4 b6 19. Rad1 Rad8 20. a4 Qb7 21.
b4 Rf7 22. b5 Rfd7 23. bxc6 Qxc6 24. Bb5 Nxf4 25. Qxd7 25... Qg2# {
libertad checkmated} 0-1

[Event "ICS rated blitz match"]
[Site "204.178.125.65"]
[Date "1999.08.09"]
[Round "?"]
[White "razzle2"]
[Black "Hossa"]
[Result "1-0"]
[WhiteElo "2677"]
[BlackElo "2352"]
[PlyCount "84"]
[EventDate "1999.??.??"]

1. d4 d5 2. c4 e6 3. Nc3 Be7 4. Nf3 Nf6 5. Bf4 Nh5 6. Bd2 c5 7. cxd5 exd5 8.
Qb3 Nf6 9. dxc5 O-O 10. Na4 Ne4 11. Rc1 Nc6 12. Rc2 Na5 13. Qb4 Nc4 14. e3
Nexd2 15. Nxd2 Bf5 16. Rc1 Nxd2 17. Qxd2 Rc8 18. Bb5 Bh4 19. O-O Be6 20. Qb4
Qe7 21. Qf4 a6 22. Be2 Rfe8 23. Rfd1 Qf6 24. Qxf6 Bxf6 25. Bf3 Rcd8 26. Rd2 d4
27. Bxb7 dxe3 28. Rxd8 exf2+ 29. Kf1 Rxd8 30. c6 Re8 31. c7 Bc8 32. Bxc8 Rxc8
33. Nb6 Rxc7 34. Rxc7 g6 35. Nc4 Bd4 36. Rc6 Kg7 37. Rxa6 Kf8 38. b4 Ke7 39. b5
f6 40. b6 Kd7 41. b7 Kc7 42. Nd6 42... f5 {Hossa resigns} 1-0

[Event "ICS rated blitz match"]
[Site "204.178.125.65"]
[Date "1999.08.09"]
[Round "?"]
[White "Hossa"]
[Black "StanleyCup"]
[Result "0-1"]
[WhiteElo "2348"]
[BlackElo "2664"]
[PlyCount "96"]
[EventDate "1999.??.??"]

1. d4 d5 2. c4 c6 3. Nf3 Nf6 4. Nc3 dxc4 5. e4 b5 6. Ne5 e6 7. Bg5 Be7 8. Be2
O-O 9. Bf3 Nxe4 10. Bxe4 Bxg5 11. Nxb5 Ba6 12. Nc3 Qb6 13. Rb1 f5 14. Bc2 c5
15. Qf3 cxd4 16. O-O Bb7 17. Qg3 Bf6 18. Nxc4 Qa6 19. Nd6 dxc3 20. Nxb7 Qxb7
21. bxc3 Qf7 22. Rfd1 Rc8 23. Qf3 Nd7 24. Ba4 Nb6 25. Bc6 Rab8 26. Re1 Rc7 27.
Rbd1 Rbc8 28. Rd6 e5 29. Bb5 Be7 30. Rdd1 Rxc3 31. Qb7 R3c5 32. a4 Bf6 33.
Qxf7+ Kxf7 34. Bd7 R8c7 35. Bxf5 Nxa4 36. Bxh7 Nc3 37. Rd2 g6 38. Rd3 e4 39.
Rh3 Bg5 40. Kh1 Kg7 41. Rf1 Ne2 42. g3 a5 43. f3 Rc1 44. Kg2 R7c2 45. Rxc1 Nf4+
46. Kf1 Rxc1+ 47. Kf2 Nd3+ 48. Ke2 48... Re1# {Hossa checkmated} 0-1

[Event "ICS rated blitz match"]
[Site "204.178.125.65"]
[Date "1999.08.09"]
[Round "?"]
[White "StanleyCup"]
[Black "Hossa"]
[Result "1/2-1/2"]
[WhiteElo "2668"]
[BlackElo "2344"]
[PlyCount "149"]
[EventDate "1999.??.??"]

1. e4 e5 2. Nf3 Nc6 3. Bb5 a6 4. Ba4 Nge7 5. c3 f5 6. d3 fxe4 7. dxe4 Ng6 8.
O-O Be7 9. Qd5 Bf6 10. Na3 Nge7 11. Qd3 O-O 12. Bb3+ Kh8 13. Ng5 Qe8 14. Bd2
Qg6 15. Qf3 h6 16. Nh3 d6 17. Rae1 Bd7 18. Qd3 d5 19. Bc2 Rad8 20. Bc1 dxe4 21.
Qxe4 Qxe4 22. Bxe4 Be6 23. c4 Bxh3 24. gxh3 Bh4 25. c5 Rd4 26. b3 Rd7 27. Nc4
Bf6 28. Bb2 Nd5 29. Rd1 Rfd8 30. Rfe1 Kg8 31. a3 Nd4 32. Bxd4 exd4 33. Bf5 Re7
34. Na5 Nc3 35. Rxe7 Bxe7 36. Re1 Kf8 37. Nxb7 Rb8 38. Na5 Bxc5 39. Bg6 Nb5 40.
Nc6 Ra8 41. Re4 Kg8 42. a4 Nc3 43. Rh4 a5 44. Bd3 Kh8 45. Rf4 Re8 46. Kf1 Nd5
47. Rf5 Nb4 48. Bb5 d3 49. Rxc5 d2 50. Be2 Nxc6 51. Rxc6 Rd8 52. Rxc7 d1=Q+ 53.
Bxd1 Rxd1+ 54. Ke2 Rb1 55. Rb7 g5 56. Kf3 Rd1 57. Kg4 Rd6 58. Ra7 Rd5 59. Kh5
Kg8 60. Kxh6 Kf8 61. Kh5 Rf5 62. Kg6 Rxf2 63. Rxa5 Rxh2 64. Kf6 Ke8 65. Re5+
Kd7 66. Re3 Rg2 67. a5 g4 68. hxg4 Rxg4 69. a6 Rf4+ 70. Ke5 Rf2 71. Rg3 Kc6 72.
a7 Kb7 73. Rg7+ Ka8 74. Kd4 Rf7 75. Rxf7 {Hossa stalemated} 1/2-1/2

[Event "ICS Rated blitz match"]
[Site "204.178.125.65"]
[Date "1999.08.09"]
[Round "?"]
[White "Hossa"]
[Black "libertad"]
[Result "1-0"]
[WhiteElo "2356"]
[BlackElo "2293"]
[PlyCount "101"]
[EventDate "1999.??.??"]

1. d4 d5 2. c4 dxc4 3. e3 e5 4. Bxc4 exd4 5. exd4 Nc6 6. Ne2 Nf6 7. O-O Bd6 8.
Bb5 O-O 9. Bxc6 bxc6 10. Nbc3 h6 11. Be3 Bg4 12. Re1 Re8 13. h3 Bh5 14. Qd2 Ne4
15. Nxe4 Rxe4 16. Qc2 Rh4 17. Qxc6 Rb8 18. b3 Rb6 19. Qc2 Bg6 20. Qd1 Qf6 21.
Nc3 Qf5 22. Qe2 Bh5 23. Qb2 Bf3 24. Bd2 Rxh3 25. Re8+ Kh7 26. Qb1 Bh2+ 27. Kf1
Qxb1+ 28. Rxb1 Bc6 29. Re2 Rh4 30. g3 Rh5 31. Re5 Rxe5 32. dxe5 h5 33. Bg5 Kg6
34. Bd8 Rb8 35. Rd1 f6 36. exf6 gxf6 37. Rd4 h4 38. gxh4 Be5 39. Rc4 Rxd8 40.
Rxc6 Rd4 41. Nb5 Rxh4 42. Nxa7 Rh1+ 43. Ke2 Ra1 44. Rc2 Rh1 45. Nc6 Bd6 46. Rd2
Kf5 47. Nd4+ Ke4 48. Ne6 f5 49. Ng5+ Kf4 50. Nf3 Ra1 51. Rd4# {
libertad checkmated} 1-0

[Event "ICS rated blitz match"]
[Site "204.178.125.65"]
[Date "1999.08.09"]
[Round "?"]
[White "libertad"]
[Black "Hossa"]
[Result "0-1"]
[WhiteElo "2280"]
[BlackElo "2369"]
[PlyCount "118"]
[EventDate "1999.??.??"]

1. d4 d5 2. c4 c6 3. Nc3 dxc4 4. a4 c5 5. d5 b6 6. e4 Ba6 7. Nf3 e6 8. Ne5 Bd6
9. Nxc4 Be7 10. d6 Bxc4 11. Bxc4 Qxd6 12. Bb5+ Nd7 13. O-O Qxd1 14. Rxd1 O-O-O
15. Bf4 Nb8 16. Rxd8+ Bxd8 17. Rd1 Ne7 18. Be5 Rg8 19. Bd6 Nec6 20. e5 Bc7 21.
Ne4 Nxe5 22. f4 Ng6 23. g3 Rd8 24. Rd2 f5 25. Bxc7 Rxd2 26. Nxd2 Kxc7 27. Bc4
Kd6 28. Nf3 e5 29. fxe5+ Nxe5 30. Bg8 Nxf3+ 31. Kf2 Ne5 32. Bxh7 Nd3+ 33. Ke3
Nxb2 34. Bxf5 Nxa4 35. h4 b5 36. h5 a5 37. g4 Ke5 38. Bd3 Nc3 39. g5 Nd5+ 40.
Kf3 c4 41. h6 cxd3 42. h7 d2 43. h8=Q d1=Q+ 44. Kf2 Qd2+ 45. Kg3 Qxg5+ 46. Kf2
Nd7 47. Qe8+ Qe7 48. Qh5+ Kd6 49. Qh2+ Kc5 50. Qh3 Qe2+ 51. Kxe2 Nf4+ 52. Kf3
Nxh3 53. Kg3 a4 54. Kg4 a3 55. Kxh3 Ne5 56. Kg3 g5 57. Kg2 Kd4 58. Kf2 a2 59.
Kg2 59... a1=Q {libertad resigns} 0-1

[Event "ICS rated blitz match"]
[Site "204.178.125.65"]
[Date "1999.08.09"]
[Round "?"]
[White "Hossa"]
[Black "libertad"]
[Result "1-0"]
[WhiteElo "2381"]
[BlackElo "2268"]
[PlyCount "31"]
[EventDate "1999.??.??"]

1. d4 d5 2. c4 dxc4 3. e4 e5 4. Nf3 Nc6 5. d5 Bb4+ 6. Bd2 Bxd2+ 7. Nbxd2 Nd4 8.
Nxe5 Qf6 9. Ndxc4 c5 10. dxc6 Nxc6 11. Nd6+ Ke7 12. Nxc8+ Rxc8 13. Qd7+ Kf8 14.
Qxc8+ Qd8 15. Qxd8+ Nxd8 16. O-O-O {libertad resigns} 1-0

[Event "ICS rated blitz match"]
[Site "204.178.125.65"]
[Date "1999.08.09"]
[Round "?"]
[White "libertad"]
[Black "Hossa"]
[Result "0-1"]
[WhiteElo "2257"]
[BlackElo "2392"]
[PlyCount "36"]
[EventDate "1999.??.??"]

1. e4 e5 2. Nf3 Nc6 3. Bc4 Bc5 4. b4 Bxb4 5. c3 Be7 6. d4 exd4 7. O-O Nf6 8.
cxd4 Nxe4 9. d5 Bf6 10. Ba3 Bxa1 11. Re1 f5 12. dxc6 dxc6 13. Qb3 Qd7 14. Ne5
Bxe5 15. f3 Qd4+ 16. Kh1 Nf2+ 17. Kg1 Nh3+ 18. Kh1 18... Qg1+ {libertad resigns
} 0-1

[Event "ICS rated blitz match"]
[Site "204.178.125.65"]
[Date "1999.08.09"]
[Round "?"]
[White "Hossa"]
[Black "libertad"]
[Result "1-0"]
[WhiteElo "2402"]
[BlackElo "2247"]
[PlyCount "48"]
[EventDate "1999.??.??"]

1. d4 d5 2. c4 dxc4 3. e4 e5 4. dxe5 Qxd1+ 5. Kxd1 Nc6 6. f4 Be6 7. Be3 O-O-O+
8. Kc2 g6 9. Be2 Nh6 10. Nd2 Bb4 11. Ngf3 Ng4 12. Bg1 Bxd2 13. Nxd2 Nd4+ 14.
Kd1 Rd7 15. h3 Nh6 16. Be3 Rhd8 17. f5 Nxe2 18. fxe6 fxe6 19. Kxe2 Nf7 20. Nxc4
b5 21. Na5 Nxe5 22. Rhf1 Nc4 23. Nxc4 bxc4 24. Rac1 24... Rd3 {libertad resigns
} 1-0

[Event "ICS rated blitz match"]
[Site "204.178.125.65"]
[Date "1999.08.09"]
[Round "?"]
[White "StanleyCup"]
[Black "Hossa"]
[Result "1-0"]
[WhiteElo "2656"]
[BlackElo "2411"]
[PlyCount "89"]
[EventDate "1999.??.??"]

1. d4 d5 2. c4 c6 3. Nf3 Nf6 4. Nc3 dxc4 5. a4 Qa5 6. e3 Be6 7. Ne5 Qa6 8. Be2
Nbd7 9. O-O Nxe5 10. dxe5 Nd7 11. Qd4 f6 12. exf6 gxf6 13. Bh5+ Kd8 14. Rd1 Rg8
15. Qe4 c5 16. Bf3 Rb8 17. Qxh7 Rg7 18. Qc2 Bg8 19. Qf5 e5 20. Qc2 Be6 21. Nb5
Qb6 22. Bd5 Bxd5 23. Rxd5 a6 24. Na3 Qe6 25. Qxc4 Qh3 26. Qf1 Qf3 27. Rd3 Qe4
28. Rd1 Qxa4 29. Bd2 Rg4 30. Qd3 e4 31. Qe2 f5 32. Bc3 Qb3 33. Nc4 Bg7 34. Qd2
Bd4 35. Bxd4 cxd4 36. Qxd4 Qb5 37. Qf6+ Kc7 38. Rxd7+ Qxd7 39. Qb6+ Kc8 40.
Nd6+ Qxd6 41. Qxd6 b6 42. Rc1+ Kb7 43. Rc7+ Ka8 44. Qc6+ Rb7 45. Qxb7# {
Hossa checkmated} 1-0

[Event "ICS Rated blitz match"]
[Site "204.178.125.65"]
[Date "1999.08.09"]
[Round "?"]
[White "Hossa"]
[Black "wimpy"]
[Result "1-0"]
[WhiteElo "2405"]
[BlackElo "2014"]
[PlyCount "121"]
[EventDate "1999.??.??"]

1. d4 Nf6 2. c4 e5 3. dxe5 Ng4 4. e4 Nxe5 5. f4 Nec6 6. Be3 Na6 7. Kf2 Bc5 8.
Bxc5 Nxc5 9. Nc3 d6 10. Nf3 O-O 11. Rc1 Re8 12. Bd3 Qf6 13. Kg3 Be6 14. a3 Nxd3
15. Qxd3 Qg6+ 16. Kf2 Rad8 17. f5 Ne5 18. Nxe5 Qf6 19. Nf3 Bd7 20. Nd5 Qh6 21.
Nxc7 Re7 22. Nd5 Ree8 23. f6 gxf6 24. Qd4 Re5 25. Qxa7 Rxe4 26. Qxb7 Rde8 27.
Qxd7 Re2+ 28. Kg3 Qg6+ 29. Qg4 Rxg2+ 30. Kxg2 Qxg4+ 31. Kf2 Qf5 32. Rhg1+ Kf8
33. a4 Rc8 34. Rg8+ Kxg8 35. Ne7+ Kf8 36. Nxf5 Rb8 37. Rb1 Rb4 38. b3 Rb8 39.
Nxd6 Rd8 40. c5 Kg7 41. Rg1+ Kf8 42. b4 Rb8 43. c6 Ke7 44. c7 Rf8 45. c8=Q Rxc8
46. Nxc8+ Kd7 47. Rc1 Ke6 48. a5 Kd5 49. Nb6+ Ke4 50. Rg1 Kf5 51. a6 Ke6 52. b5
f5 53. Ng5+ Kd6 54. Rc1 Ke5 55. Nxh7 f4 56. Rc5+ Ke4 57. Ng5+ Kd4 58. Rc4+ Kd3
59. a7 f6 60. a8=R fxg5 61. Rd8# {wimpy checkmated} 1-0

[Event "ICS rated blitz match"]
[Site "204.178.125.65"]
[Date "1999.08.09"]
[Round "?"]
[White "Hossa"]
[Black "StanleyCup"]
[Result "0-1"]
[WhiteElo "2408"]
[BlackElo "2662"]
[PlyCount "84"]
[EventDate "1999.??.??"]

1. d4 d5 2. c4 c6 3. Nc3 Nf6 4. cxd5 cxd5 5. f3 e6 6. Bg5 Bb4 7. Rc1 Nbd7 8. e4
dxe4 9. fxe4 h6 10. Bxf6 Qxf6 11. Nh3 O-O 12. a3 Ba5 13. Bb5 Rd8 14. Qa4 Bxc3+
15. bxc3 Nb6 16. Qa5 e5 17. Nf2 exd4 18. O-O Qe5 19. cxd4 Rxd4 20. Qc3 Be6 21.
Nd3 Qxe4 22. Nc5 Qd5 23. Be2 Rc8 24. Bf3 Qd6 25. Qa5 Rc4 26. Nb3 Qd3 27. Rb1
Rc3 28. Bxb7 Bxb3 29. Bxc8 Qd4+ 30. Kh1 Nxc8 31. Qb5 Be6 32. Qe8+ Kh7 33. a4
Ra3 34. Rfe1 Nb6 35. Qf8 Rxa4 36. Red1 Qe5 37. Rd8 Bd5 38. Qg8+ Kg6 39. Rf8
Bxg2+ 40. Kg1 Qe3+ 41. Kxg2 Rg4+ 42. Kh1 42... Qf3# {Hossa checkmated} 0-1

[Event "ICS rated blitz match"]
[Site "204.178.125.65"]
[Date "1999.08.09"]
[Round "?"]
[White "Secret"]
[Black "Hossa"]
[Result "0-1"]
[WhiteElo "2556"]
[BlackElo "2402"]
[PlyCount "140"]
[EventDate "1999.??.??"]

1. Nf3 c5 2. b3 d5 3. e3 Bg4 4. h3 Bh5 5. Bb5+ Nc6 6. g4 Bg6 7. Ne5 Rc8 8. h4
e6 9. Bxc6+ bxc6 10. Bb2 f6 11. Nxg6 hxg6 12. f4 f5 13. g5 Qd7 14. Qe2 Rd8 15.
h5 Qf7 16. h6 Rh7 17. Rg1 gxh6 18. gxh6 Rxh6 19. Be5 Be7 20. Qa6 Bh4+ 21. Ke2
Qd7 22. c4 Bf6 23. Bxf6 Nxf6 24. cxd5 cxd5 25. Qa5 Rc8 26. Ke1 Ng4 27. Nc3 e5
28. Na4 exf4 29. exf4 Qe7+ 30. Kd1 Nf2+ 31. Kc1 Nd3+ 32. Kc2 Nb4+ 33. Kd1 Qe4
34. Qb5+ Kf8 35. Nxc5 Qc2+ 36. Ke2 Qxc5 37. Qxc5+ Rxc5 38. Rg2 Rc6 39. Kf3 Rh3+
40. Rg3 Rh2 41. Rd1 Nxa2 42. Ke3 Nb4 43. Kd4 Re2 44. d3 Rf2 45. Rdg1 Rxf4+ 46.
Ke5 Rf2 47. Rxg6 Rxg6 48. Rxg6 Nxd3+ 49. Kf6 Nc5 50. Ke5 Kf7 51. Rg3 Rb2 52.
Rf3 Kg6 53. Rg3+ Kh6 54. Rf3 Rxb3 55. Rxb3 Nxb3 56. Kxd5 f4 57. Ke4 f3 58. Kxf3
a5 59. Ke4 a4 60. Kd5 a3 61. Kc4 a2 62. Kxb3 a1=Q 63. Kc4 Kg6 64. Kd5 Kf5 65.
Kc4 Qa4+ 66. Kd5 Qb4 67. Kc6 Ke6 68. Kc7 Qb5 69. Kc8 Kd6 70. Kd8 70... Qb8# {
Secret checkmated} 0-1

[Event "ICS rated blitz match"]
[Site "204.178.125.65"]
[Date "1999.08.09"]
[Round "?"]
[White "FutureEX"]
[Black "Hossa"]
[Result "0-1"]
[WhiteElo "2061"]
[BlackElo "2425"]
[PlyCount "52"]
[EventDate "1999.??.??"]

1. e4 e5 2. Nf3 Nc6 3. Bb5 a6 4. Bxc6 dxc6 5. d4 Bg4 6. O-O Bxf3 7. Qxf3 exd4
8. Bf4 Qd7 9. c3 d3 10. Qe3 c5 11. c4 O-O-O 12. Nc3 Nf6 13. Nd5 Nxd5 14. cxd5
c6 15. Rfd1 cxd5 16. exd5 Qxd5 17. b4 c4 18. Rac1 Bxb4 19. Qh3+ Rd7 20. Qg4 f5
21. Qg5 Re8 22. Bd2 Bxd2 23. Qxd2 b5 24. h3 Re6 25. Qb4 Rg6 26. a4 26... Qxg2#
{FutureEX checkmated} 0-1

[Event "ICS rated blitz match"]
[Site "204.178.125.65"]
[Date "1999.08.09"]
[Round "?"]
[White "Hossa"]
[Black "JudgeTurpin"]
[Result "0-1"]
[WhiteElo "2429"]
[BlackElo "2558"]
[PlyCount "120"]
[EventDate "1999.??.??"]

1. d4 d5 2. c4 Nc6 3. Nc3 dxc4 4. Nf3 Nf6 5. e4 Bg4 6. Be3 e6 7. Bxc4 Bb4 8.
Bd3 Bxf3 9. gxf3 Nh5 10. Bb5 O-O 11. Bxc6 bxc6 12. Rc1 Rb8 13. Qe2 f5 14. Qc4
Bxc3+ 15. Rxc3 Rxb2 16. Rb3 Rxa2 17. Rb1 Ra3 18. Qxe6+ Rf7 19. Qxc6 f4 20. Qc5
Qf8 21. Qxf8+ Rxf8 22. Bc1 Rxf3 23. Rb7 Re8 24. e5 c5 25. Bb2 cxd4 26. Ke2 Rh3
27. Bxd4 a6 28. Ra7 Re6 29. Rb1 h6 30. Rb8+ Kh7 31. Rb6 Rxb6 32. Bxb6 Kg6 33.
e6 Kf6 34. e7 Kf7 35. Bc5 Nf6 36. Rxa6 Ne8 37. Rc6 g5 38. Kd2 Rxh2 39. Kd3 g4
40. Ke4 f3 41. Kf4 h5 42. Rh6 Kg7 43. Rb6 Rh3 44. Kg5 Rh1 45. Rh6 Rd1 46. Rg6+
Kf7 47. Kh6 Rc1 48. Rg5 h4 49. Ba3 Rc6+ 50. Kh5 g3 51. Bc5 g2 52. Be3 Rc4 53.
Rg6 h3 54. Bf4 Rxf4 55. Rg3 h2 56. Kg5 Rf6 57. Kh5 h1=Q+ 58. Kg4 Kg6 59. Rxg2
Qxg2+ 60. Kh4 60... Rf4# {Hossa checkmated} 0-1